00620caa a22001572a 4500001000900000003001100009008004300020100001900063245001200082300001400094500009600108650001500204546001300219773011500232773011500347 011107 AR-FADEU 311216n########xxu####################dd aMontague, John aThe cry aPP. 41-54 aEn: One true friend and other irish short stories / ed. Roland John. Harlow : Longman, 1977 a/REVISADO/ aInglés0 016881abdHarlowo01010tONE true friend and other irish short storiesw( AR-FADEU) 011101xz0-582-53685-50 016881abdHarlowo01011tONE true friend and other irish short storiesw( AR-FADEU) 011101xz0-582-53685-5